Balfour passes 1 000 contract mark for 2006 (Record no. 77770)

MARC details
000 -LEADER
fixed length control field 00843cab a2200193 4500
001 - CONTROL NUMBER
control field ##L135046
008 - FIXED-LENGTH DATA ELEMENTS--GENERAL INFORMATION
fixed length control field 060920n2006 000 0 eng u
035 ## - SYSTEM CONTROL NUMBER
System control number (Sirsi) u135046
041 0# - LANGUAGE CODE
Language code of text/sound track or separate title eng
100 1# - MAIN ENTRY--PERSONAL NAME
Personal name McCormick, Helen
245 00 - TITLE STATEMENT
Title Balfour passes 1 000 contract mark for 2006
260 ## - PUBLICATION, DISTRIBUTION, ETC.
Date of publication, distribution, etc. 2006
490 #0 - SERIES STATEMENT
Series statement Contract Journal
Volume/sequential designation 435(6593) 20 September 2006, 16-17(2)
520 ## - SUMMARY, ETC.
Summary, etc. Balfour Beatty is at the top of Contract Journal's ranking of new work winners for August 2006. The company secured 77 new contracts worth just under £381m. Most of the contracts were from the public sector, especially healthcare. All of the companies in the top six of the ranking gained new contracts worth over £100m. Tables.
590 ## - LOCAL NOTE (RLIN)
Local note IKA031006
651 #4 - SUBJECT ADDED ENTRY--GEOGRAPHIC NAME
Geographic name GREAT BRITAIN
690 ## - LOCAL SUBJECT ADDED ENTRY--TOPICAL TERM (OCLC, RLIN)
Topical term or geographic name as entry element BUILT ENVIRONMENT-CONSTRUCTION MARKET
942 ## - ADDED ENTRY ELEMENTS (KOHA)
Suppress in OPAC 0
Holdings
Withdrawn status Lost status Source of classification or shelving scheme Damaged status Not for loan Home library Current library Shelving location Date acquired Total Checkouts Full call number Barcode Date last seen Copy number Price effective from Koha item type
    Dewey Decimal Classification     London London Journal article 20/09/2006   L135046 135046-1001 06/08/2019 1 06/08/2019 Journal article